000
00306nam a2200133Ia 4500
008
210716s1966 xx 000 0 und d
041
_a
eng
082
_a
303.64 WESJ
100
_a
West, J F.
245
_a
Great intellectual revolution.
250
_a
1
260
_a
New York
_c
1966
300
_a
viii,135
999
_c
201098
_d
201098